Interpretación judicial de las leyes de procedimiento penal y especialmente en torno de los vocablos inculpado, reo y procesado

Guardat en:
Dades bibliogràfiques
Autor principal: Fontecilla Riquelme, Rafael (Autor)
Format: Llibre
Idioma:espanyol
Publicat: Buenos Aires EDIAR 1946
Edició:1a. ed
Col·lecció:Estudios de Derecho Procesal
Matèries:
Etiquetes: Afegir etiqueta
Sense etiquetes, Sigues el primer a etiquetar aquest registre!

MARC

LEADER 00000cam a2200000 a 4500
001 UCC5335
003 CL-VaPUC
008 181005e19460000ag |||||||||||||||||spa|d
082 0 4 |a 345.05  |b FON  |2 21 
100 0 |a Fontecilla Riquelme, Rafael  |e author  |9 599659 
245 1 0 |a Interpretación judicial de las leyes de procedimiento penal y especialmente en torno de los vocablos inculpado, reo y procesado 
250 |a 1a. ed 
300 |a pág. irreg 
942 |c BK 
945 |d 20181005 11:02:00  |a dcastane 
260 |a Buenos Aires  |b EDIAR  |c 1946 
650 7 |a DERECHO PENAL  |2 CL-VaPUC  |9 11 
650 0 |a Procedimiento penal  |9 254974 
583 |a last modification  |c 20181005 11:02:00  |k Rodrigo Vera 
490 0 |a Estudios de Derecho Procesal 
999 |c 372588  |d 372586 
952 |0 0  |1 0  |2 ddc  |3 erb  |4 0  |6 345_050000000000000_FON_1946  |7 0  |8 A  |9 490271  |a BIBDER  |b BIBDER  |e Mateluna Arestizabal, Alfredo Sergio  |i 5489466  |o 345.05 FON 1946  |p 5489466  |r 2023-01-25  |w 2019-11-24  |y MX  |z Catalogado en:20181005  |k DER